Music Quiz

Random Music or Clickable Quiz
Score 0/30 Timer 04:00
2 Plays Today
% Correct
Anything
91.3%
Know
90.5%
Greatest
87%
Learn
83.2%
Where
82.2%
Make
82.1%
Power
80.6%
Crazy
80.4%
Addicted
76.3%
Found
75.8%
Wanna
73.9%
Tainted
71.8%
Love
69.8%
Honestly
69.7%
Send
69.1%
% Correct
Endless
68.9%
What
67.3%
Puppy
66.3%
Baby
63.1%
Accidentally
60.8%
Hello
60.7%
Hate
59.8%
Bleeding
59.7%
California
49.3%
Because
46.2%
Vision
44.5%
Find
41.9%
How
41.4%
Summer
39.9%
Same
36.6%
Remove Ads.
Support Sporcle.
Get the best of Sporcle when you Go Orange. This ad-free experience offers more features, more stats, and more fun while also helping to support Sporcle. Thank you for becoming a member.

You're not logged in!

Compare scores with friends on all Sporcle quizzes.
OR
Log In

Show Comments

Extras

Top Quizzes Today


Score Distribution

Your Account Isn't Verified!

In order to create a playlist on Sporcle, you need to verify the email address you used during registration. Go to your Sporcle Settings to finish the process.

Report this User

Report this user for behavior that violates our Community Guidelines.

Details: